000 01268cam a2200373Ia 4500
001 51364
005 20230411085607.0
008 060125s2005 sp a rb 000 0 spa d
035 _a(OCoLC)ocm63166451
040 _aUIA
_bspa
_cUIA
_dBAKER
_dPL#
_dBTCTA
_dYDXCP
019 _a150340498
020 _a8497450981
020 _a9788497450980
029 1 _aPL#
_b070006977
035 _a(OCoLC)63166451
_z(OCoLC)150340498
050 1 4 _aTK 5105.888
_bL864h 2005
049 _aGRAL
100 1 _aLópez García, Xosé.
245 1 4 _aLas herramientas tecnológicas de la nueva información periodística /
_cXosé López García, Marita Otero López.
260 _aMadrid :
_bNetbiblo,
_c2005
300 _a129 p. :
_bil. ;
_c22 cm.
440 0 _aSerie comunicación empresarial
650 0 _aWeb sites
_xDesign.
650 4 _aSitios Web
_xDiseño.
650 4 _aDesarrollo de sitios Web
_xTécnicas digitales.
700 1 _aOtero López, Marita.
938 _aBaker & Taylor
_bBKTY
_c41.95
_d41.95
_i8497450981
_n0006735473
_sactive
938 _aPuvill Libros
_bPUVL
_n9788497450980
_c$38.14
938 _aBaker and Taylor
_bBTCP
_nBK0006735473
938 _aYBP Library Services
_bYANK
_n2677213
942 _2lcc
_cbk
946 _amjcruz
994 _aC0
_bDRFGD
999 _c104335
_d104335